[Event "San Francisco TNM Spring op"]
[Site "San Francisco"]
[Date "2016.04.26"]
[Round "7"]
[White "Andries, Craig"]
[Black "Yamamoto, Craig"]
[Result "1-0"]
[WhiteElo "1862"]
[BlackElo "1617"]
[PlyCount "29"]
[EventDate "2016.03.15"]
[EventType "swiss"]
[EventRounds "8"]
[EventCountry "USA"]
[SourceTitle "EXT 2018"]
[Source "ChessBase"]
[SourceDate "2017.10.13"]
[SourceVersion "1"]
[SourceVersionDate "2017.10.13"]
[SourceQuality "1"]

1. e4 e5 2. Nf3 Nc6 3. d3 Nf6 4. Be2 d5 5. Nbd2 dxe4 6. dxe4 Bc5 7. 0-0 0-0 8. c3 Bg4 9. h3 Bh5 10. Nh4 Bxe2 11. Qxe2 Re8 12. Ndf3 a6 13. Nf5 Nd7 14. Ng5 Nb6 15. Qh5 1-0

[Event "San Francisco TNM Fall op"]
[Site "San Francisco"]
[Date "2015.12.15"]
[Round "9"]
[White "Yamamoto, Craig"]
[Black "Smith, David A1111"]
[Result "0-1"]
[WhiteElo "1613"]
[BlackElo "1449"]
[PlyCount "68"]
[EventDate "2015.10.20"]
[EventType "swiss"]
[EventRounds "9"]
[EventCountry "USA"]
[SourceTitle "EXT 2023"]
[Source "ChessBase"]
[SourceDate "2022.10.05"]
[SourceVersion "1"]
[SourceVersionDate "2022.10.05"]
[SourceQuality "1"]

1. e4 c5 2. c4 Nc6 3. d3 g6 4. Bd2 Bg7 5. Bc3 Nf6 6. g3 0-0 7. f4 d6 8. Bh3 Bxh3 9. Nxh3 Qd7 10. Ng5 h6 11. Nf3 Qh3 12. Qe2 Nh5 13. Rg1 Qd7 14. Bxg7 Nxg7 15. Nc3 Ne6 16. 0-0-0 Ned4 17. Nxd4 Nxd4 18. Qe3 Kg7 19. g4 e6 20. Ne2 Nc6 21. d4 Qc7 22. f5 Rad8 23. fxg6 fxg6 24. dxc5 dxc5 25. g5 h5 26. h4 e5 27. Nc3 Rxd1+ 28. Rxd1 Nd4 29. Nd5 Qd6 30. Qe1 Qa6 31. Kb1 Qxc4 32. Rc1 Qd3+ 33. Ka1 Nc2+ 34. Rxc2 Qxc2 0-1

[Event "San Francisco Leighton Memorial"]
[Site "San Francisco"]
[Date "2015.09.15"]
[Round "7"]
[White "Kondakov, Adrian"]
[Black "Yamamoto, Craig"]
[Result "0-1"]
[WhiteElo "1652"]
[BlackElo "1613"]
[PlyCount "120"]
[EventDate "2015.08.04"]
[EventType "swiss"]
[EventRounds "9"]
[EventCountry "USA"]
[SourceTitle "EXT 2023"]
[Source "ChessBase"]
[SourceDate "2022.10.05"]
[SourceVersion "1"]
[SourceVersionDate "2022.10.05"]
[SourceQuality "1"]

1. d4 d5 2. c4 c6 3. cxd5 cxd5 4. Nf3 Nf6 5. Nc3 Nc6 6. Bf4 a6 7. e3 Bf5 8. Qb3 b5 9. Be2 e6 10. 0-0 Na5 11. Qd1 Bd6 12. Bxd6 Qxd6 13. Ne5 h6 14. Rc1 0-0 15. Qd2 Nc4 16. Bxc4 bxc4 17. f3 Nd7 18. Nxd7 Qxd7 19. Rfe1 Rfd8 20. b3 cxb3 21. axb3 Qb7 22. Qa2 Rdb8 23. e4 dxe4 24. fxe4 Bg6 25. Rb1 Rc8 26. Re3 Qb6 27. Qd2 Qb4 28. Qd3 Rd8 29. Ne2 Rd6 30. Qc4 Qd2 31. Qc1 Qb4 32. Qc4 Qb7 33. Ng3 Rc8 34. Qa4 Qb6 35. Rd1 Rcd8 36. Ne2 e5 37. Qc4 exd4 38. Red3 Bxe4 39. Rxd4 Rxd4 40. Rxd4 Rxd4 41. Qxd4 Qxd4+ 42. Nxd4 Kf8 43. Kf2 g6 44. g3 Ke7 45. Ke3 Bg2 46. Ne2 Bd5 47. b4 Bc4 48. Nc3 Bf1 49. Kd4 Kd6 50. Ne4+ Ke6 51. Nc5+ Kf5 52. Kd5 Bb5 53. Nb7 Kg4 54. Nd6 Be2 55. Nxf7 h5 56. Ne5+ Kf5 57. Nd7 Bb5 58. Ne5 g5 59. Kd4 Be2 60. Kd5 h4 0-1

[Event "San Francisco TNM Fall op"]
[Site "San Francisco"]
[Date "2014.12.09"]
[Round "7"]
[White "Robertson, Guy"]
[Black "Yamamoto, Craig"]
[Result "0-1"]
[WhiteElo "1494"]
[BlackElo "1625"]
[PlyCount "46"]
[EventDate "2014.10.21"]
[EventType "swiss"]
[EventRounds "8"]
[EventCountry "USA"]
[SourceTitle "EXT 2016"]
[Source "ChessBase"]
[SourceDate "2015.10.08"]
[SourceVersion "1"]
[SourceVersionDate "2015.10.08"]
[SourceQuality "1"]

1. d4 f5 2. Nf3 Nf6 3. c4 g6 4. Nc3 Bg7 5. Qc2 d6 6. b4 0-0 7. Bb2 e6 8. e3 b6 9. Be2 Bb7 10. a4 Nbd7 11. 0-0 Ne4 12. Rfd1 Nxc3 13. Bxc3 Nf6 14. Rd2 Ne4 15. Rdd1 Nxc3 16. Qxc3 Qe7 17. Qb3 f4 18. Rf1 e5 19. exf4 Rxf4 20. dxe5 Kh8 21. Rae1 dxe5 22. Bd3 Rxf3 23. gxf3 Qg5+ 0-1

[Event "San Francisco TNM Jay Whitehead op"]
[Site "San Francisco"]
[Date "2014.09.16"]
[Round "7"]
[White "Yamamoto, Craig"]
[Black "Wishard, Bruce"]
[Result "1-0"]
[WhiteElo "1593"]
[BlackElo "1412"]
[PlyCount "95"]
[EventDate "2014.08.05"]
[EventType "swiss"]
[EventRounds "9"]
[EventCountry "USA"]
[SourceTitle "EXT 2016"]
[Source "ChessBase"]
[SourceDate "2015.10.08"]
[SourceVersion "1"]
[SourceVersionDate "2015.10.08"]
[SourceQuality "1"]

1. e4 e5 2. Bc4 Nc6 3. Nf3 h6 4. d4 d6 5. dxe5 dxe5 6. Qxd8+ Kxd8 7. Bxf7 Nf6 8. 0-0 Bg4 9. Nbd2 Ke7 10. Bb3 Rd8 11. Re1 Nd4 12. Nxe5 Nxb3 13. Ng6+ Kf7 14. Nxh8+ Kg8 15. axb3 Kxh8 16. Rxa7 Rb8 17. h3 Bd7 18. Nc4 Bc6 19. e5 Re8 20. Kf1 Ne4 21. Be3 Bd5 22. f3 Ng3+ 23. Kg1 Kh7 24. Bf2 Nf5 25. g4 Ne7 26. f4 Ng6 27. f5 Nf4 28. Kh2 Rc8 29. Be3 Ng2 30. Re2 Nxe3 31. Nxe3 Bc5 32. Ra5 Bxe3 33. Rxe3 Bc6 34. Rc5 Rd8 35. Rxc6 bxc6 36. Rc3 Re8 37. e6 Re7 38. Rxc6 Kg8 39. Kg3 Kf8 40. Kf4 Kg8 41. Ke5 Kf8 42. h4 Kg8 43. b4 Kf8 44. b5 Kg8 45. c4 Kf8 46. c5 Ke8 47. b6 cxb6 48. Rc8# 1-0

[Event "San Francisco TNM Jay Whitehead op"]
[Site "San Francisco"]
[Date "2014.08.20"]
[Round "3"]
[White "Thornally, Frank"]
[Black "Yamamoto, Craig"]
[Result "1-0"]
[WhiteElo "2200"]
[BlackElo "1593"]
[PlyCount "57"]
[EventDate "2014.08.05"]
[EventType "swiss"]
[EventRounds "9"]
[EventCountry "USA"]
[SourceTitle "EXT 2016"]
[Source "ChessBase"]
[SourceDate "2015.10.08"]
[SourceVersion "1"]
[SourceVersionDate "2015.10.08"]
[SourceQuality "1"]

1. d4 Nf6 2. Bg5 e6 3. Nd2 h6 4. Bh4 Be7 5. e4 0-0 6. Bd3 b6 7. Qe2 Bb7 8. 0-0-0 d6 9. f4 Nbd7 10. c3 c5 11. Ngf3 Nh5 12. Bg3 f5 13. exf5 exf5 14. Qe6+ Kh8 15. Bxf5 Rxf5 16. Qxf5 Nhf6 17. Bf2 Nd5 18. h4 Nf8 19. Rde1 Nf6 20. Re2 d5 21. Ne5 Kg8 22. Rhe1 Ne4 23. Nxe4 dxe4 24. Rd1 Bf6 25. dxc5 Qc7 26. c6 Ba6 27. Rxe4 Bxe5 28. Rxe5 Qxc6 29. Re7 1-0

[Event "San Francisco TNM Summer op"]
[Site "San Francisco"]
[Date "2014.07.08"]
[Round "7"]
[White "Toziopoulos, Stephen S"]
[Black "Yamamoto, Craig"]
[Result "1-0"]
[WhiteElo "1005"]
[BlackElo "1542"]
[PlyCount "63"]
[EventDate "2013.05.28"]
[EventType "swiss"]
[EventRounds "8"]
[EventCountry "USA"]
[SourceTitle "EXT 2016"]
[Source "ChessBase"]
[SourceDate "2015.10.08"]
[SourceVersion "1"]
[SourceVersionDate "2015.10.08"]
[SourceQuality "1"]

1. e4 e5 2. Nf3 Nc6 3. Bb5 a6 4. Ba4 b5 5. Bb3 d6 6. c3 Bb7 7. d4 exd4 8. cxd4 Be7 9. Nc3 Nf6 10. Bxf7+ Kxf7 11. Ng5+ Ke8 12. Ne6 Qd7 13. d5 Nd8 14. Nxg7+ Kf7 15. Nf5 h5 16. 0-0 Kf8 17. Bh6+ Rxh6 18. Nxh6 Nf7 19. Nf5 Ng8 20. Qxh5 Bf6 21. Ne2 Re8 22. Qg6 Ne5 23. Qg3 Qf7 24. Nf4 Bc8 25. Rac1 Bxf5 26. exf5 Bd8 27. Ne6+ Ke7 28. f4 Nc4 29. Rfe1 Kd7 30. Qg7 Re7 31. Qxf7 Rxf7 32. g4 1-0

[Event "San Francisco TNM Summer op"]
[Site "San Francisco"]
[Date "2014.06.24"]
[Round "5"]
[White "Yamamoto, Craig"]
[Black "Askin, Michael"]
[Result "0-1"]
[WhiteElo "1577"]
[BlackElo "1898"]
[PlyCount "44"]
[EventDate "2014.05.27"]
[EventType "swiss"]
[EventRounds "8"]
[EventCountry "USA"]
[SourceTitle "EXT 2016"]
[Source "ChessBase"]
[SourceDate "2015.10.08"]
[SourceVersion "1"]
[SourceVersionDate "2015.10.08"]
[SourceQuality "1"]

1. e4 c5 2. Nf3 d6 3. d4 cxd4 4. Nxd4 Nf6 5. Nc3 a6 6. Be2 e5 7. Nb3 Be7 8. 0-0 0-0 9. Be3 Be6 10. Bf3 Nbd7 11. Qe2 Qc7 12. Rad1 Bc4 13. Qd2 Bxf1 14. Kxf1 Rfe8 15. Bg5 h6 16. Bh4 Rad8 17. Kg1 Nb6 18. g4 Nxe4 19. Nxe4 Bxh4 20. g5 d5 21. gxh6 dxe4 22. h7+ Kh8 0-1

[Event "San Francisco TNM Winter op"]
[Site "San Francisco"]
[Date "2014.01.28"]
[Round "4"]
[White "Hood, Bryan"]
[Black "Yamamoto, Craig"]
[Result "1/2-1/2"]
[WhiteElo "979"]
[BlackElo "1500"]
[PlyCount "101"]
[EventDate "2014.01.07"]
[EventType "swiss"]
[EventRounds "8"]
[EventCountry "USA"]
[SourceTitle "EXT 2016"]
[Source "ChessBase"]
[SourceDate "2015.10.08"]
[SourceVersion "1"]
[SourceVersionDate "2015.10.08"]
[SourceQuality "1"]

1. e4 c6 2. d4 d5 3. e5 Bf5 4. Nf3 e6 5. c4 Bxb1 6. Rxb1 Qa5+ 7. Bd2 Qxa2 8. Qc2 c5 9. cxd5 Qxd5 10. Bc4 Qc6 11. 0-0 Ne7 12. Qb3 a6 13. dxc5 Nd7 14. Nd4 Qc7 15. Qa4 Nc6 16. Nxc6 Qxc6 17. Qc2 Be7 18. b4 Nxe5 19. b5 Qxc5 20. bxa6 bxa6 21. Qa4+ Kf8 22. Rfc1 Qa7 23. Be3 Qd7 24. Bb5 Qd8 25. Bxa6 Ng6 26. Bb6 Qe8 27. Qxe8+ Rxe8 28. Ba5 Ra8 29. Rc8+ Rxc8 30. Bxc8 Kg8 31. Rb8 Bf8 32. Ba6 h5 33. g3 Kh7 34. Rb5 Kg8 35. h4 Be7 36. Rb8+ Kh7 37. Rxh8+ Nxh8 38. Bd3+ f5 39. f4 Kg8 40. Kf2 Kf7 41. Bc3 Ng6 42. Bc4 Bf6 43. Bxf6 Kxf6 44. Be2 e5 45. fxe5+ Nxe5 46. Bxh5 Ng4+ 47. Bxg4 fxg4 48. Ke3 Ke5 49. Kd3 Kd5 50. Ke3 Ke5 51. Kd3 1/2-1/2

[Event "San Francisco TNM Fall op"]
[Site "San Francisco"]
[Date "2013.12.17"]
[Round "9"]
[White "Starr, Albert Martin"]
[Black "Yamamoto, Craig"]
[Result "1-0"]
[WhiteElo "1452"]
[BlackElo "1509"]
[PlyCount "41"]
[EventDate "2013.10.22"]
[EventType "swiss"]
[EventRounds "9"]
[EventCountry "USA"]
[SourceTitle "EXT 2016"]
[Source "ChessBase"]
[SourceDate "2015.10.08"]
[SourceVersion "1"]
[SourceVersionDate "2015.10.08"]
[SourceQuality "1"]

1. b4 Nf6 2. Bb2 e6 3. b5 Be7 4. e3 0-0 5. Nf3 a6 6. a4 axb5 7. axb5 Rxa1 8. Bxa1 d5 9. Be2 b6 10. 0-0 Bb7 11. d3 Nbd7 12. Nbd2 Ne8 13. c4 dxc4 14. dxc4 Nc5 15. Qc2 Bf6 16. Ne5 Nd6 17. Bf3 Bxf3 18. Ndxf3 Qa8 19. Bd4 Ncb7 20. Ra1 Bxe5 21. Rxa8 1-0